| 000 | 00974cab a2200313 4500 | ||
|---|---|---|---|
| 001 | ABS67413 | ||
| 008 | 040129n2004 000 0 eng u | ||
| 035 | _a(Sirsi) u124957 | ||
| 245 | _aRegional survey: Hertfordshire and London boroughs north | ||
| 260 | _c2004 | ||
| 490 |
_aProperty Week _v69(4) 23 January 2004, 47-60(10) |
||
| 590 | _aABS | ||
| 650 | _aHERTFORDSHIRE | ||
| 650 | _aLONDON BOROUGHS NORTH | ||
| 650 | _aENFIELD | ||
| 650 | _aEPSON | ||
| 650 | _aHEMEL HEMPSTEAD | ||
| 650 | _aWATFORD | ||
| 650 | _aST ALBANS | ||
| 650 | _aSTANSTEAD AIRPORT | ||
| 650 | _aM11 CORRIDOR | ||
| 650 | _aBRENT CROSS SHOPPING CENTRE | ||
| 650 | _aBRENT CROSS RETAIL PARK | ||
| 650 | _aPROPERTY-COMMERCIAL PROPERTY-OFFICE PROPERTY-OFFICE PROPERTY MARKET | ||
| 650 | _aPROPERTY-COMMERCIAL PROPERTY-RETAIL PROPERTY-RETAIL PROPERTY MARKET | ||
| 650 | _aINDUSTRIAL MARKET | ||
| 690 | _aPROPERTY-COMMERCIAL PROPERTY-COMMERCIAL PROPERTY MARKET | ||
| 942 | _n0 | ||
| 999 |
_c74088 _d74088 |
||